[Event "FIDE World Rapid Team"]
[Site "Almaty KAZ"]
[Date "2024.08.04"]
[Round "12.1"]
[White "Bilguun, Sumiya"]
[Black "Rapport, Richard"]
[Result "1-0"]
[WhiteTitle "GM"]
[BlackTitle "GM"]
[WhiteElo "2470"]
[BlackElo "2715"]
[WhiteTeam "Hunnu Air"]
[BlackTeam "Chessy"]
[WhiteFideId "4901541"]
[BlackFideId "738590"]
[EventDate "2024.08.02"]

1. e4 Nf6 2. e5 Nd5 3. Nc3 Nxc3 4. bxc3 d5 5. f4 c5 6. Nf3 Nc6 7. d3 e6 8. g3 h5
9. Bg2 h4 10. Nxh4 Rxh4 11. gxh4 Qxh4+ 12. Kf1 Bd7 13. Qf3 Qd8 14. Bd2 Qa5 15.
Ke2 Qa4 16. Rhc1 O-O-O 17. Kf1 c4 18. a3 Ne7 19. Be3 Nf5 20. Bf2 cxd3 21. cxd3
Bc6 22. Kg1 Be7 23. d4 Rh8 24. Qd1 Qa5 25. c4 Kb8 26. Qc2 a6 27. Rab1 Bxa3 28.
cxd5 Bxd5 29. Rxb7+ Kxb7 30. Bxd5+ Qxd5 31. Qc7+ Ka8 32. Rc6 Qb5 33. Rb6 Qxb6
34. Qxb6 1-0

[Event "FIDE World Rapid Team"]
[Site "Almaty KAZ"]
[Date "2024.08.04"]
[Round "12.2"]
[White "Martirosyan, Haik M."]
[Black "Munkhdalai, Amilal"]
[Result "1-0"]
[WhiteTitle "GM"]
[BlackTitle "IM"]
[WhiteElo "2667"]
[BlackElo "2374"]
[WhiteTeam "Chessy"]
[BlackTeam "Hunnu Air"]
[WhiteFideId "13306553"]
[BlackFideId "4903250"]
[EventDate "2024.08.02"]

1. d4 Nf6 2. c4 e6 3. Nf3 d5 4. Nc3 Bb4 5. Bg5 h6 6. Bxf6 Qxf6 7. e3 O-O 8. Rc1
a6 9. Qb3 Bxc3+ 10. Qxc3 Nc6 11. Be2 Ne7 12. O-O c6 13. Ne5 Ng6 14. f4 Nxe5 15.
fxe5 Qe7 16. Rf4 Bd7 17. Rcf1 f6 18. exf6 Rxf6 19. Rxf6 gxf6 20. Bd3 Be8 21. Qe1
f5 22. Qg3+ Qg7 23. Qd6 Qd7 24. Qe5 Bg6 25. h4 Rf8 26. Rf3 Kh7 27. Kh2 Qe7 28.
Qf4 Rg8 29. Rg3 Bf7 30. Rxg8 Bxg8 31. c5 Bf7 32. b4 Bh5 33. Kg3 Be8 34. Kf2 Bh5
35. g3 Bg6 36. Qe5 Qf7 37. Be2 Qe7 38. Ke1 Be8 39. Kd2 Bg6 40. Kc3 Be8 41. Kb3
Bf7 42. Ka4 Qd8 43. Bd3 Kg8 44. Kb3 h5 45. Be2 Qe7 46. Qb8+ Kh7 47. Ka4 Qf6 48.
Qxb7 f4 49. gxf4 Kg6 50. Ka5 Qxh4 51. Qxc6 Qf2 52. Qxa6 h4 53. c6 h3 54. c7 h2
55. Qd3+ Kg7 56. Qd1 Qg1 57. c8=Q Qxd1 58. Bxd1 h1=Q 59. Bb3 Qe1 60. Qc7 Kg8 61.
Qd8+ Kg7 62. Qc7 Kg8 63. Qc5 Bg6 64. Kb6 Qxe3 65. b5 Bd3 66. Qc8+ Kg7 67. Qc7+
Kf8 68. Qe5 Be4 69. Qf6+ Kg8 70. Qxe6+ Kh7 71. Qe7+ Kh6 72. Qg5+ Kh7 73. Qh5+
Kg8 74. Qe5 Qf3 75. f5 Kf8 76. f6 Kf7 77. Qe7+ Kg6 78. Qg7+ Kh5 79. f7 1-0

[Event "FIDE World Rapid Team"]
[Site "Almaty KAZ"]
[Date "2024.08.04"]
[Round "12.3"]
[White "Agibileg, Uurtsaikh"]
[Black "Vidit, Santosh Gujrathi"]
[Result "0-1"]
[WhiteTitle "IM"]
[BlackTitle "GM"]
[WhiteElo "2411"]
[BlackElo "2720"]
[WhiteTeam "Hunnu Air"]
[BlackTeam "Chessy"]
[WhiteFideId "4901606"]
[BlackFideId "5029465"]
[EventDate "2024.08.02"]

1. d4 d5 2. c4 e6 3. Nc3 c5 4. e3 Nc6 5. Nf3 Nf6 6. a3 a6 7. Be2 dxc4 8. Bxc4 b5
9. Ba2 Bb7 10. O-O Qc7 11. Qe2 Rd8 12. Rd1 Be7 13. dxc5 Rxd1+ 14. Qxd1 Bxc5 15.
b4 Bd6 16. Bb2 O-O 17. Rc1 Qb8 18. h3 Ne5 19. Nxe5 Bxe5 20. Qe2 Rc8 21. Nd1 Rd8
22. Bb3 Ne4 23. Bxe5 Qxe5 24. Qc2 Nd2 25. f4 Qf6 26. Ba2 Qh4 27. Nc3 Qg3 28. Bd5
Qxe3+ 29. Kh1 exd5 30. Rd1 Nc4 0-1

[Event "FIDE World Rapid Team"]
[Site "Almaty KAZ"]
[Date "2024.08.04"]
[Round "12.4"]
[White "Sarana, Alexey"]
[Black "Chinguun, Sumiya"]
[Result "1-0"]
[WhiteTitle "GM"]
[BlackTitle "FM"]
[WhiteElo "2717"]
[BlackElo "2389"]
[WhiteTeam "Chessy"]
[BlackTeam "Hunnu Air"]
[WhiteFideId "24133795"]
[BlackFideId "4902572"]
[EventDate "2024.08.02"]

1. d4 Nf6 2. c4 e6 3. Nc3 Bb4 4. Qc2 O-O 5. e4 Bxc3+ 6. bxc3 d6 7. Bd3 Nbd7 8.
f4 e5 9. Nf3 Re8 10. O-O h6 11. h3 b6 12. Bd2 Bb7 13. Rae1 Nh5 14. fxe5 dxe5 15.
Rf2 c5 16. d5 g5 17. Nh2 Ndf6 18. Qc1 Nf4 19. Bf1 N6h5 20. Ng4 Kg7 21. Re3 Bc8
22. g3 Ng6 23. Ref3 Rf8 24. Kh2 f5 25. Rxf5 Bxf5 26. exf5 Nh8 27. Bd3 Nf6 28.
Nxe5 Re8 29. Nf3 Nf7 30. Kg2 Qd6 31. g4 Re7 32. Rf1 Rae8 33. Be1 Re3 34. Bg3 Qd7
35. Qd2 R3e7 36. Qc1 b5 37. Rd1 bxc4 38. Bxc4 Nd6 39. Bf1 Kh8 40. c4 Nde4 41.
Qb2 Qb7 42. Qa1 Kg7 43. Bh2 Qb4 44. d6 Rb7 45. Be5 Qa3 46. d7 Rd8 47. Bd3 Rbxd7
48. Bxe4 Rxd1 49. Bxf6+ Kg8 50. Qc3 Qxa2+ 51. Kg3 Rf1 52. Qe3 Re8 53. Bd5+ Kh7
54. Bg8+ 1-0

[Event "FIDE World Rapid Team"]
[Site "Almaty KAZ"]
[Date "2024.08.04"]
[Round "12.5"]
[White "Mungunzul, Bat-Erdene"]
[Black "Koneru, Humpy"]
[Result "1/2-1/2"]
[WhiteTitle "WCM"]
[BlackTitle "GM"]
[WhiteElo "2224"]
[BlackElo "2530"]
[WhiteTeam "Hunnu Air"]
[BlackTeam "Chessy"]
[WhiteFideId "4902831"]
[BlackFideId "5008123"]
[EventDate "2024.08.02"]

1. d4 Nf6 2. c4 e6 3. Nc3 d5 4. Nf3 Nbd7 5. Bg5 h6 6. Bh4 Be7 7. e3 O-O 8. Bd3
c5 9. O-O cxd4 10. exd4 b6 11. cxd5 Nxd5 12. Bxe7 Nxe7 13. Be4 Rb8 14. d5 exd5
15. Bxd5 Nxd5 16. Qxd5 Nf6 17. Qe5 Bb7 18. Rad1 Qc8 19. Nd4 Re8 20. Qg3 Qc5 21.
Ndb5 Ba6 22. a4 Rbd8 23. Qf4 Bxb5 24. axb5 Nd5 25. Qh4 Nf6 26. Qa4 Rxd1 27. Rxd1
Re7 28. h3 Qc7 1/2-1/2

[Event "FIDE World Rapid Team"]
[Site "Almaty KAZ"]
[Date "2024.08.04"]
[Round "12.6"]
[White "Ainakul, Mukhtar"]
[Black "Erkhembayar, Amartaivan"]
[Result "1-0"]
[WhiteElo "1935"]
[BlackElo "1962"]
[WhiteTeam "Chessy"]
[BlackTeam "Hunnu Air"]
[WhiteFideId "13727354"]
[BlackFideId "4904800"]
[EventDate "2024.08.02"]

1. d4 Nf6 2. c4 e6 3. Nc3 d5 4. Nf3 Be7 5. Bg5 h6 6. Bh4 O-O 7. e3 b6 8. Bxf6
Bxf6 9. cxd5 exd5 10. b4 c5 11. bxc5 bxc5 12. Be2 Nc6 13. O-O Bf5 14. Qa4 cxd4
15. exd4 Ne7 16. Ne5 Qb6 17. Bf3 Bxe5 18. dxe5 Rad8 19. Qa3 Rfe8 20. Rac1 d4 21.
Ne4 Nd5 22. Nd6 Rxe5 23. Nc4 Qf6 24. Nxe5 Qxe5 25. Rc5 Be4 26. Qa5 Rd7 27. Re1
f5 28. Bd1 d3 29. Bb3 Qd4 30. Rc4 Qf6 31. Rcxe4 fxe4 32. Bxd5+ Kh8 33. Bxe4 d2
34. Rd1 Qd4 35. Qf5 Kg8 36. Qe6+ Kf8 37. Bg6 Re7 38. Qf5+ Kg8 39. Qc8+ 1-0

[Event "FIDE World Rapid Team"]
[Site "Almaty KAZ"]
[Date "2024.08.04"]
[Round "12.8"]
[White "Narayanan, S.L."]
[Black "Bologan, Victor"]
[Result "0-1"]
[WhiteTitle "GM"]
[BlackTitle "GM"]
[WhiteElo "2649"]
[BlackElo "2598"]
[WhiteTeam "Team MGD1"]
[BlackTeam "FIDE Management Board"]
[WhiteFideId "5058422"]
[BlackFideId "13900048"]
[EventDate "2024.08.02"]

1. d4 Nf6 2. c4 g6 3. Nc3 Bg7 4. e4 d6 5. h3 O-O 6. Be3 Nbd7 7. Be2 e5 8. d5 Nc5
9. Qc2 a5 10. Nf3 Nh5 11. O-O-O f5 12. Bxc5 dxc5 13. Nd2 Nf6 14. Bd3 Ne8 15. h4
Nd6 16. Kb1 f4 17. Be2 h5 18. Rdg1 Bh6 19. Qd1 Kh7 20. Nf3 Qe7 21. Ng5+ Bxg5 22.
hxg5 Kg7 23. Bxh5 Qxg5 24. g3 f3 25. Bxf3 Nxc4 26. Be2 Nd6 27. f4 Qf6 28. fxe5
Qxe5 29. Qd2 Nf7 30. Rf1 Bd7 31. Rf4 Rh8 32. Rhf1 Nd6 33. Bg4 Bxg4 34. Rxg4 b5
35. Rg5 Nxe4 36. Qe1 Qxg5 37. Nxe4 Qxd5 38. Nf6 Qd6 39. Qc3 Qd4 40. Qe1 Rh2 41.
Qe7+ Kh8 0-1

[Event "FIDE World Rapid Team"]
[Site "Almaty KAZ"]
[Date "2024.08.04"]
[Round "12.9"]
[White "Al-Mudahka, Mohd"]
[Black "Sadhwani, Raunak"]
[Result "1-0"]
[WhiteTitle "GM"]
[BlackTitle "GM"]
[WhiteElo "2542"]
[BlackElo "2653"]
[WhiteTeam "FIDE Management Board"]
[BlackTeam "Team MGD1"]
[WhiteFideId "12100030"]
[BlackFideId "35093487"]
[EventDate "2024.08.02"]

1. e4 c6 2. c4 d6 3. d4 g6 4. g3 Bg7 5. Bg2 Qb6 6. Ne2 c5 7. dxc5 Qxc5 8. Qb3
Nc6 9. Nbc3 Ne5 10. O-O Nxc4 11. Nd5 b5 12. Qxb5+ Qxb5 13. Nc7+ Kd7 14. Nxb5 Rb8
15. a4 Ba6 16. Nec3 h5 17. Rd1 h4 18. b3 Na5 19. Rb1 Nc6 20. Be3 h3 21. Bf1 Nf6
22. Nxd6 exd6 23. Bxa6 Ng4 24. Nb5 Be5 25. Bc5 Ke6 26. Bxd6 Rbd8 27. Nc7+ Kf6
28. Nd5+ Kg7 29. Bxe5+ Ngxe5 30. Be2 a5 31. f4 Nd7 32. Rbc1 Ncb8 33. e5 g5 34.
Bg4 gxf4 35. gxf4 Rh6 36. Nf6 Rg6 37. Kf2 1-0

[Event "FIDE World Rapid Team"]
[Site "Almaty KAZ"]
[Date "2024.08.04"]
[Round "12.10"]
[White "Pranav, V"]
[Black "Zhu, Chen"]
[Result "1-0"]
[WhiteTitle "GM"]
[BlackTitle "GM"]
[WhiteElo "2598"]
[BlackElo "2423"]
[WhiteTeam "Team MGD1"]
[BlackTeam "FIDE Management Board"]
[WhiteFideId "25060783"]
[BlackFideId "8600546"]
[EventDate "2024.08.02"]

1. e4 c5 2. Nf3 d6 3. d4 cxd4 4. Nxd4 Nf6 5. Nc3 a6 6. Nb3 g6 7. Be2 Bg7 8. g4
Nc6 9. g5 Nd7 10. h4 b5 11. h5 Bb7 12. Be3 b4 13. Na4 Nce5 14. h6 Bf8 15. Qd4 a5
16. a3 Rg8 17. f4 Nc6 18. Qd2 bxa3 19. bxa3 e6 20. Bb5 Rc8 21. c4 f6 22. O-O Qc7
23. Rae1 Be7 24. Rd1 Rf8 25. c5 dxc5 26. Nbxc5 Nxc5 27. Nxc5 Bxc5 28. Bxc5 Rf7
29. Qa2 1-0

[Event "FIDE World Rapid Team"]
[Site "Almaty KAZ"]
[Date "2024.08.04"]
[Round "12.11"]
[White "Reizniece-Ozola, Dana"]
[Black "Dronavalli, Harika"]
[Result "0-1"]
[WhiteTitle "WGM"]
[BlackTitle "GM"]
[WhiteElo "2255"]
[BlackElo "2502"]
[WhiteTeam "FIDE Management Board"]
[BlackTeam "Team MGD1"]
[WhiteFideId "11601124"]
[BlackFideId "5015197"]
[EventDate "2024.08.02"]

1. c4 e6 2. g3 d5 3. Bg2 Nf6 4. Nf3 d4 5. e3 c5 6. b4 dxe3 7. fxe3 cxb4 8. a3
Nc6 9. O-O a5 10. d4 Be7 11. axb4 Bxb4 12. Ba3 O-O 13. Ne5 Ra6 14. Bxb4 Nxb4 15.
Nc3 Qe7 16. Qe2 b6 17. Na2 Nxa2 18. Rxa2 Nd7 19. Nc6 Qd6 20. Rb1 e5 21. Qb2 Re8
22. Qa3 Qxa3 23. Rxa3 exd4 24. exd4 Kf8 25. Bh3 Nf6 26. Bxc8 Rxc8 27. d5 Nd7 28.
Kf2 Re8 29. Nd4 Re4 30. Rd1 g6 31. Rc3 Ra8 32. Nb5 a4 33. Kf3 Rxc4 34. Rxc4 Ne5+
35. Ke4 Nxc4 36. d6 a3 37. Ra1 a2 38. Kd5 Nd2 39. Nc3 Ra5+ 40. Kc6 Rc5+ 41. Kd7
Rxc3 42. Rxa2 Ne4 43. Ra8+ Kg7 44. Ke7 Nc5 0-1

[Event "FIDE World Rapid Team"]
[Site "Almaty KAZ"]
[Date "2024.08.04"]
[Round "12.12"]
[White "Shah Mihir"]
[Black "Musauly, Nurali"]
[Result "1-0"]
[WhiteElo "1801"]
[BlackElo "1816"]
[WhiteTeam "Team MGD1"]
[BlackTeam "FIDE Management Board"]
[WhiteFideId "46628878"]
[BlackFideId "447000678"]
[EventDate "2024.08.02"]

1. e4 e6 2. d3 c5 3. Nf3 Nc6 4. g3 Nge7 5. Bg2 g6 6. O-O Bg7 7. Re1 d6 8. c3 e5
9. a3 a6 10. b4 cxb4 11. axb4 Bg4 12. h3 Bd7 13. Nbd2 b5 14. Nb3 O-O 15. Kh2 f5
16. exf5 Nxf5 17. Ng5 Nfe7 18. Re2 h6 19. Ne4 Qc7 20. Rea2 Bc8 21. Kg1 Bb7 22.
Bd2 Rad8 23. c4 Nf5 24. Bc3 Nfd4 25. c5 dxc5 26. bxc5 b4 27. Nxd4 exd4 28. Qb3+
Kh7 29. Bxb4 Nxb4 30. Qxb4 Rb8 31. Qc4 Rfc8 32. Ra5 Be5 33. Qe6 Re8 34. Qc4 g5
35. c6 Qxc6 36. Nxg5+ hxg5 37. Bxc6 1-0

[Event "FIDE World Rapid Team"]
[Site "Almaty KAZ"]
[Date "2024.08.04"]
[Round "12.13"]
[White "Nihal, Sarin"]
[Black "Sychev, Klementy"]
[Result "1/2-1/2"]
[WhiteTitle "GM"]
[BlackTitle "GM"]
[WhiteElo "2668"]
[BlackElo "2531"]
[WhiteTeam "Ashdod Chess Club"]
[BlackTeam "World Champions Higher School"]
[WhiteFideId "25092340"]
[BlackFideId "4114060"]
[EventDate "2024.08.02"]

1. d4 d5 2. c4 dxc4 3. Nf3 Nf6 4. e3 e6 5. Bxc4 c5 6. O-O a6 7. Re1 Nc6 8. Nc3
Be7 9. dxc5 Qxd1 10. Rxd1 Bxc5 11. Bd2 O-O 12. Rac1 Bd7 13. Ng5 Rfd8 14. Be1 Be7
15. Nge4 Be8 16. Be2 Rxd1 17. Rxd1 Rd8 18. Nxf6+ Bxf6 19. Ne4 Be7 20. Rc1 Nb4
21. Rc7 Rd7 22. Rc8 Kf8 23. a3 Nc6 24. Bc3 Rd8 25. Rxd8 Nxd8 26. g4 Bc6 27. Nd2
f6 28. f4 Nf7 29. Bd3 g6 30. Kf2 f5 31. g5 e5 32. h4 exf4 33. exf4 Bc5+ 34. Ke2
Nd8 35. Bb4 Bxb4 36. axb4 Ne6 37. Ke3 b5 38. Nb1 Ke7 39. Nc3 Nc7 40. h5 Bd5 41.
h6 Kd6 42. Be2 Bc6 43. Bd1 Bd5 44. Kd3 Bc4+ 45. Kd4 Bd5 46. Bc2 Be6 47. Ke3 Bc4
48. Bd1 Bd5 49. Kd3 Bc4+ 50. Kd2 Bd5 51. Ke3 Bc4 52. Bf3 Bf7 53. Bb7 Bb3 54. Bf3
Bc4 55. Bd1 Bf7 56. Bc2 Bc4 57. Bb1 Bf7 58. Bd3 Bb3 59. Be2 Bf7 60. Bf3 Bc4 61.
Kd4 Ne6+ 62. Ke3 Nc7 1/2-1/2

[Event "FIDE World Rapid Team"]
[Site "Almaty KAZ"]
[Date "2024.08.04"]
[Round "12.14"]
[White "Shubin, Kirill"]
[Black "Volokitin, Andrei"]
[Result "0-1"]
[WhiteTitle "IM"]
[BlackTitle "GM"]
[WhiteElo "2459"]
[BlackElo "2667"]
[WhiteTeam "World Champions Higher School"]
[BlackTeam "Ashdod Chess Club"]
[WhiteFideId "34119962"]
[BlackFideId "14107090"]
[EventDate "2024.08.02"]

1. e4 c5 2. Nf3 d6 3. Bb5+ Nd7 4. Ba4 Nf6 5. O-O e6 6. d3 Be7 7. c4 O-O 8. Nc3
Ne5 9. Ne1 Bd7 10. Bc2 Nc6 11. f4 Nd4 12. Nf3 Nxc2 13. Qxc2 Bc6 14. Kh1 Qd7 15.
a4 b6 16. Qe2 a6 17. Bd2 b5 18. e5 Ng4 19. exd6 Bxd6 20. Ng5 Nf6 21. Nce4 Be7
22. Be3 Nxe4 23. dxe4 h6 24. Nf3 Bxe4 25. Ne5 Qb7 26. axb5 axb5 27. cxb5 Rxa1
28. Rxa1 Rb8 29. Bg1 Bd5 30. Nc6 Bxc6 31. bxc6 Qxc6 32. Ra7 Bf6 33. Qh5 Rxb2 0-1

[Event "FIDE World Rapid Team"]
[Site "Almaty KAZ"]
[Date "2024.08.04"]
[Round "12.15"]
[White "Alekseev, Evgeny"]
[Black "Faizrakhmanov, Ramil"]
[Result "1/2-1/2"]
[WhiteTitle "GM"]
[BlackTitle "IM"]
[WhiteElo "2537"]
[BlackElo "2424"]
[WhiteTeam "Ashdod Chess Club"]
[BlackTeam "World Champions Higher School"]
[WhiteFideId "4138147"]
[BlackFideId "24103209"]
[EventDate "2024.08.02"]

1. e4 c5 2. Nf3 d6 3. Bb5+ Nd7 4. d4 cxd4 5. Qxd4 a6 6. Be2 Ngf6 7. O-O e5 8.
Qe3 Nc5 9. Nfd2 Be7 10. c4 O-O 11. Nc3 Ng4 12. Bxg4 Bxg4 13. Nb3 Nd7 14. Qd3 Rc8
15. Be3 Bg5 16. Nd5 Bxe3 17. Nxe3 Nf6 18. Rac1 Qb6 19. Rc2 Be6 20. Rfc1 h6 21.
Kh1 Rc7 22. f3 Rfc8 23. Rc3 a5 24. R1c2 a4 25. Nc1 Qd4 26. Ne2 Qxd3 27. Rxd3 b5
28. Rxd6 Bxc4 29. Nxc4 Rxc4 30. Rxc4 Rxc4 31. Rd8+ Kh7 32. Rd2 Ne8 33. Kg1 Kg6
34. Kf2 Kf6 35. Rd5 Nc7 36. Rd2 Ne6 37. Ke3 b4 38. Rd5 Rc2 39. Rd2 Rc7 40. Rd5
Rc2 41. Rd2 Rc7 42. Rd5 1/2-1/2

[Event "FIDE World Rapid Team"]
[Site "Almaty KAZ"]
[Date "2024.08.04"]
[Round "12.16"]
[White "Orlov, Oleg"]
[Black "Moiseenko, Alexander"]
[Result "0-1"]
[WhiteTitle "FM"]
[BlackTitle "GM"]
[WhiteElo "2254"]
[BlackElo "2562"]
[WhiteTeam "World Champions Higher School"]
[BlackTeam "Ashdod Chess Club"]
[WhiteFideId "4166612"]
[BlackFideId "14102560"]
[EventDate "2024.08.02"]

1. Nf3 d5 2. c4 d4 3. e3 Nc6 4. b4 dxe3 5. fxe3 Nxb4 6. Qa4+ Nc6 7. d4 e6 8. Bb2
Nf6 9. Nbd2 Be7 10. e4 O-O 11. e5 Ng4 12. Qb3 f6 13. h3 Nh6 14. O-O-O a5 15. a3
a4 16. Qc2 fxe5 17. Bd3 Nxd4 18. Bxh7+ Kh8 19. Nxd4 exd4 20. Nf3 c5 21. Ne5 Nf5
22. Bxf5 Rxf5 23. Qxf5 exf5 24. Nf7+ Kh7 25. Nxd8 Bxd8 26. Rhe1 Bg5+ 27. Kc2 Be3
28. Bc1 f4 29. g4 Be6 30. Kd3 Bf7 31. h4 Bg6+ 32. Ke2 Bc2 33. Rd2 Bb3 34. Kd3
Re8 35. Rf2 b5 36. Rxf4 bxc4+ 37. Ke2 Bxf4+ 38. Kf1 Rxe1+ 0-1

[Event "FIDE World Rapid Team"]
[Site "Almaty KAZ"]
[Date "2024.08.04"]
[Round "12.17"]
[White "Khotenashvili, Bella"]
[Black "Serikbay, Assel"]
[Result "1-0"]
[WhiteTitle "GM"]
[BlackTitle "WIM"]
[WhiteElo "2427"]
[BlackElo "2237"]
[WhiteTeam "Ashdod Chess Club"]
[BlackTeam "World Champions Higher School"]
[WhiteFideId "13602640"]
[BlackFideId "13706799"]
[EventDate "2024.08.02"]

1. Nf3 d5 2. g3 Nf6 3. Bg2 c6 4. O-O Bg4 5. h3 Bh5 6. c4 e6 7. d4 Nbd7 8. cxd5
exd5 9. Qb3 Nb6 10. Nc3 Bxf3 11. exf3 Be7 12. h4 O-O 13. Bh3 Ne8 14. Qc2 Bf6 15.
Qd3 Nc7 16. b3 Re8 17. Be3 Ne6 18. Ne2 c5 19. Bxe6 fxe6 20. f4 c4 21. Qd2 Rc8
22. h5 Be7 23. Rac1 Qd7 24. Kg2 Qb5 25. Rb1 Qa6 26. h6 g6 27. g4 Nd7 28. Ng3 b5
29. Rg1 Nf6 30. f3 Bd6 31. Nh1 b4 32. Nf2 Kf7 33. Nh3 cxb3 34. Rxb3 Rc4 35. Re1
Rec8 36. Re2 Qc6 37. Bf2 Rc2 38. Qe3 Rxe2 39. Qxe2 Re8 40. Re3 Qc4 41. Qd2 Kg8
42. Re1 Qc7 43. Bh4 Nd7 44. Rc1 Qb8 45. Rc6 Nb6 46. Bg3 Nc4 47. Qe2 Qb7 48. Rxd6
Nxd6 49. Ng5 Qd7 50. Qe5 Nc4 51. Qe2 a5 52. Be1 Qd6 53. Bg3 Qe7 54. Bf2 a4 55.
Qc2 Qd7 56. Nh3 Rc8 57. Qd3 Nd6 58. Ng5 Nf7 59. Qa6 Nxg5 60. fxg5 Kf7 61. Qb6
Qe7 62. Bg3 Rc2+ 63. Kh3 Qxg5 64. Qa7+ Qe7 65. Qxa4 Rc3 66. Kg2 Ra3 67. Qb5
Rxa2+ 68. Kh3 Ra8 69. Be5 Rc8 70. Kg3 Kg8 71. Qb6 Rd8 72. Bf4 Kf7 73. Be5 Rd7
74. Qb8 Qf8 75. Qb5 Ra7 76. Qb6 Rd7 77. Qb5 Qe7 78. Qb8 Rd8 79. Qb6 g5 80. Qb5
Kg6 81. Qd3+ Kxh6 82. Qb1 Qf7 83. Qh1+ 1-0

[Event "FIDE World Rapid Team"]
[Site "Almaty KAZ"]
[Date "2024.08.04"]
[Round "12.18"]
[White "Balakirev, Nikoly"]
[Black "Tanikin, Isabek"]
[Result "1-0"]
[WhiteElo "1885"]
[BlackElo "1952"]
[WhiteTeam "World Champions Higher School"]
[BlackTeam "Ashdod Chess Club"]
[WhiteFideId "4192060"]
[BlackFideId "13728717"]
[EventDate "2024.08.02"]

1. e4 e6 2. d4 d5 3. Nc3 Be7 4. Nf3 Nf6 5. Bd3 c5 6. dxc5 dxe4 7. Nxe4 Nxe4 8.
Bxe4 Qxd1+ 9. Kxd1 Bxc5 10. Ke2 O-O 11. Be3 Bxe3 12. Kxe3 Nd7 13. Rhd1 Nc5 14.
Rd6 Nxe4 15. Kxe4 b6 16. Rad1 Bb7+ 17. Ke3 Bd5 18. b3 b5 19. Nd4 a6 20. Nf3 Rfc8
21. Rd2 Kf8 22. Ne5 f6 23. c4 bxc4 24. bxc4 Bxc4 25. Nd7+ Ke7 26. Nb6 Bd5 27.
Nxc8+ Rxc8 28. Rxa6 f5 29. f3 h6 30. Ra7+ Kf6 31. Ra6 Rc3+ 32. Kf2 Ke5 33. a4 g5
34. a5 h5 35. Ra7 g4 36. Re2+ Kd4 37. fxg4 hxg4 38. Rd7 Ra3 39. Rxe6 Rxa5 40.
Kg3 Ra2 41. Red6 Rxg2+ 42. Kf4 Rf2+ 43. Kg5 Rxh2 44. Rxd5+ Ke4 45. Rd4+ Kf3 46.
Rf4+ Kg3 47. Rd3+ Kg2 48. Rxf5 Rh3 49. Rd2+ Kg3 50. Ra5 1-0

[Event "FIDE World Rapid Team"]
[Site "Almaty KAZ"]
[Date "2024.08.04"]
[Round "12.19"]
[White "Aitbayev, Aslan"]
[Black "Sindarov, Javokhir"]
[Result "1/2-1/2"]
[WhiteTitle "IM"]
[BlackTitle "GM"]
[WhiteElo "2380"]
[BlackElo "2674"]
[WhiteTeam "Astana-2"]
[BlackTeam "Royal Chess"]
[WhiteFideId "13704613"]
[BlackFideId "14205483"]
[EventDate "2024.08.02"]

1. e4 e5 2. Nf3 Nc6 3. Bb5 a6 4. Ba4 Nf6 5. O-O Bc5 6. c3 b5 7. Bb3 d6 8. d4 Bb6
9. a4 Bb7 10. Bg5 h6 11. Bxf6 Qxf6 12. Bd5 Rb8 13. axb5 axb5 14. dxe5 dxe5 15.
Na3 O-O 16. Nxb5 Bc8 17. Bxc6 Qxc6 18. Qd5 Qxb5 19. Qxb5 Bxf2+ 20. Rxf2 Rxb5 21.
Ra7 Rc5 22. Rd2 Be6 23. Kf2 Rb8 24. Ne1 Rcb5 25. Nd3 Bc4 26. b4 Bxd3 27. Rxd3 c5
28. Rdd7 cxb4 29. Rxf7 Rf8 30. Rxf8+ Kxf8 31. cxb4 1/2-1/2

[Event "FIDE World Rapid Team"]
[Site "Almaty KAZ"]
[Date "2024.08.04"]
[Round "12.20"]
[White "Yakubboev, Nodirbek"]
[Black "Akhmetov, Ayan"]
[Result "1-0"]
[WhiteTitle "GM"]
[BlackTitle "IM"]
[WhiteElo "2655"]
[BlackElo "2380"]
[WhiteTeam "Royal Chess"]
[BlackTeam "Astana-2"]
[WhiteFideId "14203987"]
[BlackFideId "13703706"]
[EventDate "2024.08.02"]

1. d4 Nf6 2. Nf3 c5 3. d5 e6 4. c4 exd5 5. cxd5 Bd6 6. Nc3 O-O 7. g3 Re8 8. Bg2
Bf8 9. O-O d6 10. Nd2 Nbd7 11. h3 Rb8 12. a4 a6 13. a5 Qc7 14. Kh2 b5 15. axb6
Nxb6 16. Qc2 Bb7 17. e4 c4 18. Na4 Nfd7 19. b3 Rbc8 20. Nxb6 Nxb6 21. Nxc4 Nxc4
22. bxc4 Qxc4 23. Qxc4 Rxc4 24. Bf4 Bc8 25. Rfb1 f5 26. Rb8 Kf7 27. exf5 Be7 28.
Re1 a5 29. Ra8 Bd7 30. Rxa5 Bxf5 31. Ra7 Rxf4 32. gxf4 Kf8 33. Bf3 Bf6 34. Rxe8+
Kxe8 35. Kg3 h6 36. Bh5+ Kd8 37. Bg4 Be4 38. Rd7+ Ke8 39. Rxd6 Be7 40. Bh5+ Kf8
41. Rb6 Bd8 42. Re6 1-0

[Event "FIDE World Rapid Team"]
[Site "Almaty KAZ"]
[Date "2024.08.04"]
[Round "12.21"]
[White "Akhmedinov, Satbek"]
[Black "Vokhidov, Shamsiddin"]
[Result "0-1"]
[WhiteTitle "FM"]
[BlackTitle "GM"]
[WhiteElo "2379"]
[BlackElo "2643"]
[WhiteTeam "Astana-2"]
[BlackTeam "Royal Chess"]
[WhiteFideId "13714287"]
[BlackFideId "14204223"]
[EventDate "2024.08.02"]

1. e4 c5 2. d4 cxd4 3. Qxd4 Nc6 4. Qd3 Nf6 5. Nc3 a6 6. Bf4 e5 7. Bg5 Bb4 8. Nf3
d6 9. Be2 Bxc3+ 10. bxc3 h6 11. Bxf6 Qxf6 12. Rd1 Bg4 13. Qxd6 Qxd6 14. Rxd6 Ke7
15. Rxc6 bxc6 16. Nxe5 Bxe2 17. Kxe2 Rhc8 18. Rb1 Ke6 19. Nc4 Rab8 20. Nb6 Rd8
21. a4 f5 22. e5 g5 23. Rb3 Rb7 24. g3 g4 25. a5 h5 26. Rb4 Re7 27. Nc4 Rd5 28.
Ke3 Rb5 29. Kf4 Reb7 30. Ra4 Rd7 31. Kg5 Rd1 32. Ne3 Rd2 33. Rc4 Rxf2 34. Rxc6+
Kxe5 35. Rxa6 f4 36. Nd1 Rxc2 37. c4 Rxc4 38. gxf4+ Ke4+ 39. Kh4 Kf3 40. Rd6
Rxa5 41. Rd2 Rxf4 42. Rf2+ Ke4 43. Nc3+ Kf5 44. Rg2 Rf3 45. Rg3 Rxg3 46. hxg3
Ra1 0-1